|
|
|
|
| LEADER |
01787nam a2200409 a 4500 |
| 001 |
EBC3020070 |
| 003 |
MiAaPQ |
| 005 |
20200520144314.0 |
| 006 |
m o d | |
| 007 |
cr cn||||||||| |
| 008 |
100323s2011 nyua sb 001 0 eng d |
| 010 |
|
|
|z 2010012238
|
| 020 |
|
|
|z 9781616684822 (hardcover)
|
| 020 |
|
|
|a 9781616688196 (electronic bk.)
|
| 035 |
|
|
|a (MiAaPQ)EBC3020070
|
| 035 |
|
|
|a (Au-PeEL)EBL3020070
|
| 035 |
|
|
|a (CaPaEBR)ebr10675078
|
| 035 |
|
|
|a (OCoLC)847729133
|
| 040 |
|
|
|a MiAaPQ
|c MiAaPQ
|d MiAaPQ
|
| 043 |
|
|
|a f------
|
| 050 |
|
4 |
|a HJ1441
|b .C37 2011
|
| 082 |
0 |
4 |
|a 339.5/2096
|2 22
|
| 100 |
1 |
|
|a Carmignani, Fabrizio.
|
| 245 |
1 |
0 |
|a Peace after civil war
|h [electronic resource] :
|b the role of fiscal policy in post-conflict African economies /
|c Fabrizio Carmignani and Adrian Gauci.
|
| 260 |
|
|
|a Hauppauge, N.Y. :
|b Nova Science Publishers,
|c 2011.
|
| 300 |
|
|
|a xiv, 154 p. :
|b ill.
|
| 490 |
1 |
|
|a African political, economic, and security issues
|
| 504 |
|
|
|a Includes bibliographical references and index.
|
| 505 |
0 |
|
|a A bird's-eye view of the literature -- A theoretical framework -- From the theory to the data : some empirical definitions -- War, peace, and fiscal policy in Africa -- Post-conflict peace and fiscal policy.
|
| 533 |
|
|
|a Electronic reproduction. Ann Arbor, MI : ProQuest, 2015. Available via World Wide Web. Access may be limited to ProQuest affiliated libraries.
|
| 650 |
|
0 |
|a Fiscal policy
|z Africa.
|
| 650 |
|
0 |
|a Peace-building
|x Economic aspects
|z Africa.
|
| 655 |
|
4 |
|a Electronic books.
|
| 700 |
1 |
|
|a Gauci, Adrian.
|
| 710 |
2 |
|
|a ProQuest (Firm)
|
| 830 |
|
0 |
|a African political, economic, and security issues series.
|
| 856 |
4 |
0 |
|u https://ebookcentral.proquest.com/lib/matrademy/detail.action?docID=3020070
|z Click to View
|